000
00294nam a2200133Ia 4500
100
_a
Singh/S.P./ Bagde/M.K.
942
_c
BK
654
_a
quantum
245
_a
Quantum mechanics
260
_b
S.Chand and Co.
_a
New Dellhi
_c
1984
082
_a
530.12
_b
SIN
300
_a
182
546
_a
ENGLISH
999
_c
34772
_d
34772